Advances in cryptology - EUROCRYPT' 98 / (Record no. 188736)
[ view plain ]
| 000 -LEADER | |
|---|---|
| fixed length control field | 01204 a2200193 4500 |
| 003 - CONTROL NUMBER IDENTIFIER | |
| control field | Nust |
| 005 - DATE AND TIME OF LATEST TRANSACTION | |
| control field | 20230216114210.0 |
| 020 ## - INTERNATIONAL STANDARD BOOK NUMBER | |
| International Standard Book Number | 3540645187 |
| 040 ## - CATALOGING SOURCE | |
| Transcribing agency | Nust |
| 082 ## - DEWEY DECIMAL CLASSIFICATION NUMBER | |
| Classification number | 005.82,NYB |
| 100 ## - MAIN ENTRY--PERSONAL NAME | |
| Personal name | Nyberg, Kaisa |
| 9 (RLIN) | 109135 |
| 245 ## - TITLE STATEMENT | |
| Title | Advances in cryptology - EUROCRYPT' 98 / |
| Statement of responsibility, etc. | Kaisa Nyberg |
| 250 ## - EDITION STATEMENT | |
| Edition statement | Lecture notes in computer sicence 1403 |
| 260 ## - PUBLICATION, DISTRIBUTION, ETC. | |
| Place of publication, distribution, etc. | Spring |
| Name of publisher, distributor, etc. | Tokyo |
| Date of publication, distribution, etc. | 1998 |
| 300 ## - PHYSICAL DESCRIPTION | |
| Extent | x, 606 p |
| Other physical details | illus |
| 505 ## - FORMATTED CONTENTS NOTE | |
| Formatted contents note | Distributed Cryptography and Applications (Page-1), Complexity Theory Reduction and Lower Bounds (Page-47), Cryptanalysis of Block Ciphers (Page-85), Distributed Cryptography Application (Page-127), Computational Algorithms (Page-158), Improving Computational Efficiency (Page-201), Paradigms for Symmetric Systems (Page-251), Public Key Cryptosystems (Page-294), Complexity Theory One Way Functions (Page-319), Multi Party Computations (Page-346), Digital Signatures (Page-391), Untraceabibility in Multi Party Schemes (Page-437), Boolean Function (Page-462), Combinatatorial Design and Analysis of Distributed Schemes Cryptanalysis of Elliptic Curve Systems (Page-542), Elecstronic Commerce and Payments (Page-561). |
| 650 ## - SUBJECT ADDED ENTRY--TOPICAL TERM | |
| Topical term or geographic name entry element | Cryptology |
| 9 (RLIN) | 100974 |
| 942 ## - ADDED ENTRY ELEMENTS (KOHA) | |
| Source of classification or shelving scheme | |
| Koha item type | Book |
| Withdrawn status | Lost status | Source of classification or shelving scheme | Damaged status | Not for loan | Permanent Location | Current Location | Shelving location | Date acquired | Full call number | Barcode | Date last seen | Price effective from | Koha item type | Public note |
|---|---|---|---|---|---|---|---|---|---|---|---|---|---|---|
| Military College of Signals (MCS) | Military College of Signals (MCS) | General Stacks | 12/12/2016 | 005.82,NYB | MCS30513 | 12/08/2016 | 12/12/2016 | Book | Almirah No.71, Shelf No.2 |
